| 000 | 00359nam a2200145Ia 4500 | ||
|---|---|---|---|
| 005 | 20250428005258.0 | ||
| 008 | 240331s9999 xx 000 0 und d | ||
| 082 |
_bHAP _a891 |
||
| 100 | _aHaputhanthri,L.I | ||
| 245 | 0 | _aGarhithayage nidi nethi sitha | |
| 260 |
_aColombo _bWomen & Media Collective _c1988 |
||
| 300 | _a36 p ., | ||
| 650 | _aPoems | ||
| 942 | _cL | ||
| 999 |
_c4843 _d4843 |
||